00909nam a22002177a 450000500170000001000150001702000260003203500140005803700090007208200110008124501280009226000330022027001150025330000200036870000400038870000380042870000340046694200220050099900190052295201500054120241206160814.0 aENG-142864 a9789389224801c995.00 aEN-126496 bDBAD a92121 aPandit Ishwar Chandra Vidhyasagar on His Bicentenary/h cEdited by Sunil Kumar Baskey; Suman Kalyan Roy [and] Dipankar Roy aNew DelhibKunal Booksc2021 a4648/21, Ist Floor, Ansari Road, Darya GanjbNew Delhie110002k011-23275069k9811043697mkunalbooks@gmail.com a263p.c24cm(Hb) aBaskey, Sunil Kumar eEditor974816 aRoy, Suman Kalyan eEditor974817 aRoy, Dipankar eEditor974818 2ddccENmPANh921 c207477d207477 001040708NFICaRKPbRKPd2024-12-06eDelivery of Books Divisiong995.00l0oPAN 921pEN-126396r2024-12-06 00:00:00t1v995.00w2024-12-06yEN